00649 2200277 4500001002100000005001500021035002000036245005300056100001500109250000600124856004500130260004400175082000800219084001400227600001000241990001200251990001200263990001200275990001200287990001200299990001200311990001200323990001200335990001200347990001200359INLIS00000000000165820250429090723 a0010-04250000741 aJalan Menikung; :bPara Priyayi II /cUmar Kayam0 aUmar Kayam a1 aRuang Baca Umum No Klas 800 ( Rak 3,4,5) aJakarta :bPustaka Utama Grafiti,c2002 a813 a813 UMA j 4aFiksi a02.1930 a02.1931 a02.1932 a02.1933 a02.1934 a02.1935 a02.1936 a02.1937 a02.1938 a02.1939